1349 1270 1101 1252 1736 1189 1849 1175 1077 1992 1115 1978 1827 1564 1945 1618 1148 1523 1959 1934 1192 1483 1803 1717 1874 1189 1546 1027 1102 1359 1456 1340 1865 1855 1638 1518 1911 1872 1659 1593 1295 1521 1949 1214 1140 1097 1549 1200 1300 1237 1843 1768 1755 1466 1227 1946 1841 1364 1014 1841 1151 1751 1375 1114 1006 1613 1105 1603 1020 1274 1128 1771 1685 1759 1714 1855 1537 1565 1557 1587 1029 1413 1581 1997 1085 1850 1490 1184 1755 1875 1542 1333 1334 1992 1577 1455 1779 1742 1884 BCNSPRNW ULIB Ver.6.0+V

เปลี่ยนเป็นภาษาไทย

Change to English
 แสดงรายละเอียดบรรณานุกรม
  กลับหน้าหลัก

Brief Record : Get Marc (ISO 2709) : E-mail record : QR code < ปิดหน้าต่าง
LEADER : 00000nam 2200000uu 4500
001    13399109808
003     ULIB
008    110411s2004||||th 000 0 eng d
060 04 WC503^bI61A ล.3 2004
110 1  International AIDS Conference (15th : 2004 : Bangkok)
245 10 Access for all: Satellite meetings www.aids2004.org Bangkok -Thailand /^cInternational AIDS Conference (15th : 2004 : Bangkok)
260    Bangkok :^bInternational AIDS Conference (15th : 2004 : Bangkok),^c2004
300    108 p.
650  2 HIV
945    ^p0^l0^i016264
945    ^p0^l0^i016233
945    ^p0^l0^i016263
995    ทศพร
999 ^a ใช้งานได้ทุกระบบ
รายการนี้ยังไม่มีแท็ก
คุณยังไม่ได้ล็อกอิน คุณสามารถมีกิจกรรมร่วมกับเว็บไซต์ได้ แต่ต้องล็อกอินก่อน ::
  ล็อกอิน

รายการสื่อสารสนเทศ

ลำดับที่ ประเภท เลขเรียก/บาร์โค้ด สถานที่ สถานะ
- ไม่พบข้อมูล -

รายการใกล้เคียง
    หัวเรื่อง [HIV]

BibComment


ยังไม่เคยถูกคอมเมนท์

คอมเมนท์ทรัพยากรรายการนี้
  คอมเมนท์: Access for all Sa..


 Copyright 2026. Bcnsprnw @Library